| 000 | 00598 a2200253 4500 | ||
|---|---|---|---|
| 001 | 111726 | ||
| 020 | _a9781742484082 | ||
| 041 | _apor | ||
| 090 | _aJK [E] | ||
| 092 | _a2007942768 | ||
| 245 | 1 | 0 | _aSanta Claus is comin' to town! /. |
| 250 | _a. ed. | ||
| 300 | _a1 v.(unpaged) | ||
| 697 | _aChristmas stories. | ||
| 697 | _aToys | ||
| 697 | _aChristmas - Fiction | ||
| 697 | _aToys - Fiction. | ||
| 697 | _aSanta Claus | ||
| 697 | _aSanta Claus - Fiction. | ||
| 856 | _u00001e/00001eb7.jpg | ||
| 040 |
_aBR-BrIDEA _cBR-BrIDEA |
||
| 260 |
_a[S.l.] _bBrimax _c2010 |
||
| 942 | _cBK | ||
| 999 |
_c111726 _d111726 |
||